Európa prebúdza driemajúce právo

Porušovanie zákona o verejnom obstarávaní môže postihnúť aj Európska únia. Ak samosprávy pri zabezpečovaní miestnych verejných služieb konajú úplne nesystematicky, bez komplexnej analýzy a porovnania efektívnosti jednotlivých variantných riešení, v konečnom dôsledku narážajú na zákon o verejnom obst...

Descrizione completa

Salvato in:
Dettagli Bibliografici
Autore principale: Nemec, Juraj
Natura: Capitolo di libro
Lingua:slovacco
Soggetti:
Tags: Aggiungi Tag
Nessun Tag, puoi essere il primo ad aggiungerne!!

MARC

LEADER 00000naa$a2200000$$$4500
001 0041437
005 20231016084954.1
041 0 |a slo 
044 |a SK 
245 1 0 |a Európa prebúdza driemajúce právo  |c Juraj Nemec 
520 |a Porušovanie zákona o verejnom obstarávaní môže postihnúť aj Európska únia. Ak samosprávy pri zabezpečovaní miestnych verejných služieb konajú úplne nesystematicky, bez komplexnej analýzy a porovnania efektívnosti jednotlivých variantných riešení, v konečnom dôsledku narážajú na zákon o verejnom obstarávaní i na predpisy Európskej únie. 
610 2 0 |a obstarávanie verejné 
610 2 0 |a zákony 
610 2 0 |a samospráva 
610 2 0 |a služby verejné 
610 2 0 |a Európska únia 
610 2 0 |a predpisy 
100 1 |a Nemec, Juraj